000 00705nam a22002057a 4500
003 OSt
005 20251007030259.0
008 251007b |||||||| |||| 00| 0 eng d
020 _a9781138580046
040 _aDWCL-Main lib
_cOC
082 _aCirc. 371.26 C591 2020
100 _aBrookhart, Susan M.
245 _aClassroom Assessment and Educational Measurement/
_cSusan M. Brookhart
260 _a N.Y.
_b Routledge Taylor and Francis Group,
_cc2020.
300 _a285 pages :
_b illustrations ;
_c 25cm.
504 _aIncludes Bibliographical Reference and Index
650 _a1. Classroom Environment - Social Aspect.
650 _a2. Educational Evaluation
942 _2ddc
_cBK-CIRC
_kCirc.
_n0
999 _c4673
_d4673